Hate návrh pevnej a spodnej stavby pohyblivej hate

Bibliographic Details
Main Authors: Grandtner, Teodor, 1924- (Author), Furda, Ján, 1935- (Author)
Format: Book
Language:Slovak
PhysicalDescription:221 s. grafy, sch., tab. 29 cm
Published: Bratislava Slovenská vysoká škola technická 1982
Edition:3. vyd.
Subjects:

MARC

LEADER 00000cam a2200000 a 4500
001 vtls001099005
003 SK-MaSNL
005 20260301001224.0
008 240314s1982 xo da e n 00000 slo
015 |a SNBA1982/09 
035 |a SNK000041847 
040 |a SNK  |b slo  |c SNK  |e AACR2 
041 0 |a slo 
044 |a xo  |c SK 
080 |a 627.432(075.8)  |2 1981 
100 1 |a Grandtner, Teodor,  |d 1924-  |4 aut  |9 7717 
245 1 0 |a Hate  |b návrh pevnej a spodnej stavby pohyblivej hate  |c Teodor Grandtner, Ján Furda 
250 |a 3. vyd. 
260 |a Bratislava  |b Slovenská vysoká škola technická  |c 1982 
300 |a 221 s.  |b grafy, sch., tab.  |c 29 cm 
366 |e 100 výt. 
504 |a Bibliogr. odkazy 
650 0 7 |a hate  |2 SNKPH 
655 7 |a učebnice vysokých škôl  |2 SNKPH  |9 70191 
700 1 |a Furda, Ján,  |d 1935-  |4 aut  |9 7716 
958 |a OND 
958 |a NB 
958 |a RM 
958 |a UV 
999 |c 534439  |d 536369 
952 |a SNK  |b SNK  |y PREZ  |7 0  |p 17A0981874  |o snkSB 34182  |i snkKSP 6966/82  |0 0  |1 0  |4 0  |d 2014-06-09  |f 1  |l 0  |r 2025-04-09 00:00:00  |w 2026-02-23 
952 |a SNK  |b SNK  |y VYP  |7 0  |o snkSB 34182 D1  |i snkKSP 6967/82  |0 0  |1 0  |4 0  |d 2014-06-09  |l 0  |r 2026-02-23 12:20:56  |w 2026-02-23